[Event "Floripa Chess Open 2024"]
[Site "Florianopolis"]
[Date "2024.01.22"]
[Round "3.107"]
[White "Cavalcante, Adriano Nunes"]
[Black "Monteiro, Helen Ramazzotte"]
[Result "1-0"]
[WhiteElo "1878"]
[BlackElo "1533"]
[PlyCount "107"]
[EventDate "2024.01.20"]
[EventRounds "10"]
[EventCountry "BRA"]

1. d4 Nf6 2. c4 g6 3. Nc3 Bg7 4. e4 d6 5. Nf3 O-O 6. Be2 Nbd7 7. O-O e5 8. Be3
Ng4 9. Bg5 f6 10. Bd2 f5 11. exf5 gxf5 12. Bg5 Bf6 13. Bxf6 Ngxf6 14. dxe5 dxe5
15. Nd5 $146 ({RR} 15. Qd2 Kh8 16. Rad1 Qe7 17. Qg5 Nb6 18. Nh4 Rg8 19. Qh6 Ng4
20. Bxg4 Rxg4 21. g3 Bd7 22. c5 Qxc5 23. Qf6+ Rg7 24. Nxf5 Bxf5 25. Qxf5 Rf8
26. Qe4 c6 27. Qe2 Rgf7 28. Ne4 Qc4 29. Qxc4 Nxc4 {Lupor,A (2298)-Roitburd,T  
(2030) Germany 2007 1/2-1/2 (62)}) ({RR} 15. Qd2 e4 16. Nd4 Ne5 17. Rad1 Kh8
18. Qh6 Qe7 19. f3 Bd7 20. fxe4 fxe4 21. h3 Rae8 22. Nf5 Bxf5 23. Rxf5 Qc5+ 24.
Kh1 Ng8 25. Rxf8 Rxf8 26. Qe6 Qe7 27. Qxe7 Nxe7 28. Nxe4 Rf4 29. Ng5 N7c6 {
King,D (2500)-Dueball,J (2400) Germany 1992 1-0 (41)}) 15... c6 16. Nxf6+ Qxf6
17. Qd2 Kh8 18. Qg5 Qg6 19. Qxg6 hxg6 20. Rad1 Kg7 21. Rd6 c5 22. Rfd1 e4 23.
Ng5 Rf6 24. Rxd7+ Bxd7 25. Rxd7+ Kg8 26. f3 Rb6 27. b3 Re8 28. fxe4 fxe4 29.
Kf2 Re5 30. h4 e3+ 31. Ke1 Kf8 32. Bf3 Re7 33. Rd8+ Kg7 34. Ke2 Ra6 35. a4 Rb6
36. Rd3 Kf8 37. Ne4 Rc7 38. Kxe3 Ke7 39. Nc3 Re6+ 40. Be4 Kf8 41. Nd5 Rh7 42.
g3 Re8 43. Nf4 Rg7 44. Rd5 b6 45. Kd3 Ke7 46. Re5+ Kf8 47. Rxe8+ Kxe8 48. Bxg6+
Ke7 49. h5 Kf6 50. h6 Rd7+ 51. Ke3 Rd1 52. h7 Kg7 53. Ne6+ Kh8 54. Ng5 1-0

[Event "Floripa Chess Open 2024"]
[Site "Florianopolis"]
[Date "2024.01.22"]
[Round "3.108"]
[White "Vieira, Luana Saddi"]
[Black "Frattini, Beatriz Maria"]
[Result "0-1"]
[WhiteElo "1501"]
[BlackElo "1873"]
[PlyCount "104"]
[EventDate "2024.01.20"]
[EventRounds "10"]
[EventCountry "BRA"]

1. e4 c5 2. c3 Nf6 3. e5 Nd5 4. d4 cxd4 5. cxd4 d6 6. Nf3 Nc6 7. Bc4 Be6 8. Qb3
dxe5 ({RR} 8... Na5 9. Qb5+ Bd7 10. Qxd5 e6 11. Qe4 Nxc4 12. O-O Bc6 13. Qg4 h5
14. Qg3 dxe5 15. dxe5 Qd3 16. Nc3 O-O-O 17. Bg5 h4 18. Bxh4 Re8 19. Qf4 Bxf3
20. gxf3 Rxh4 21. Qxh4 Nd2 22. Qf4 Nxf1 23. Rxf1 {Van Foreest,N (1914)
-Kardoeus,D (2158) Groningen NED 2023 1/2-1/2 (69)}) 9. dxe5 $146 ({RR} 9. Qxb7
Nxd4 10. Nxd4 exd4 11. Qc6+ Bd7 12. Qxd5 Be6 13. Bb5+ Bd7 14. Bxd7+ Qxd7 15.
Qxa8+ Qd8 16. Qxd8+ Kxd8 17. O-O e5 18. Nd2 Bb4 19. Nf3 f6 20. Rd1 Ke7 21. Bd2
Bxd2 22. Nxd2 {1-0 (22) Kostopoulou,S (1405)-Sotiriou,H (1500) Chania 2003}) ({
RR} 9. Nc3 Nxc3 10. Bxe6 fxe6 11. bxc3 Qd5 12. dxe5 O-O-O 13. O-O g6 14. c4 Qd3
15. Qa4 Bg7 16. Be3 Rhf8 17. Rab1 Rxf3 18. gxf3 Qf5 19. Qb3 Na5 20. Qb5 Bxe5
21. Kg2 Rf8 22. Rfe1 Qxf3+ 23. Kf1 Qh1+ {Obrusnik,M (2289)-Zwardon,V (2389)
Poronin 2014 1/2-1/2}) 9... Ndb4 10. Bxe6 fxe6 11. O-O Qd5 12. Nc3 Qxb3 13.
axb3 h6 14. Rd1 Rd8 15. Rxd8+ Kxd8 16. Be3 Nc2 17. Rd1+ Kc8 18. Bf4 g5 19. Bg3
Bg7 20. h3 Rd8 21. Rxd8+ Kxd8 22. Ne4 b6 23. Kf1 N2d4 24. Ned2 Ke8 25. Nxd4
Nxd4 26. f4 Kf7 27. h4 Nf5 28. Kf2 gxf4 29. Bxf4 Nxh4 30. g3 Ng6 31. Nf3 Nf8
32. Ke3 Nd7 33. b4 a6 34. Ke4 b5 35. Be3 Kg6 36. Bc5 Kf7 37. Be3 Kg6 38. g4 Kf7
39. Bd4 Nb8 40. Nd2 Nc6 41. Bc3 Kg6 42. Kf4 a5 43. Nb3 axb4 44. Bd4 Bh8 45. Ke4
Kg5 46. Nc5 Kxg4 47. Nxe6 h5 48. Kd5 Nxd4 49. Nxd4 h4 50. Nc2 h3 51. Ne3+ Kf4
52. Nf1 Bxe5 0-1

[Event "Floripa Chess Open 2024"]
[Site "Florianopolis"]
[Date "2024.01.22"]
[Round "3.109"]
[White "Carvalho, Eduardo Meireles"]
[Black "Da Silva De Sena, Jefferson Ryan F"]
[Result "0-1"]
[WhiteElo "1476"]
[BlackElo "1867"]
[PlyCount "110"]
[EventDate "2024.01.20"]
[EventRounds "10"]
[EventCountry "BRA"]

1. e4 Nf6 2. Nc3 d5 3. e5 Nfd7 4. d4 e6 5. Nf3 c5 6. Bb5 cxd4 ({RR} 6... b6 7.
O-O a6 8. Bxd7+ Qxd7 9. Ne2 Nc6 10. c3 Bb7 11. Bg5 Be7 12. Bxe7 Qxe7 13. Re1
O-O 14. Nf4 Rae8 15. Qb3 Qc7 16. Qa3 f6 17. Nd3 c4 18. Nb4 Nb8 19. Nc2 Nd7 20.
Re2 fxe5 21. Nxe5 {Gurgenidze,B (2440)-McDonald,N (2495) Tbilisi 1986 1-0 (42)}
) 7. Qxd4 ({RR} 7. Ne2 Nc6 8. O-O Qb6 9. Nexd4 Bc5 10. Bxc6 bxc6 11. Nb3 Ba6
12. Nxc5 Nxc5 13. Re1 Ne4 14. Be3 Qxb2 15. Nd4 Qb7 16. Rb1 Qd7 17. Qg4 g6 18.
f3 Nc3 19. Rb3 Nb5 20. Nxb5 Bxb5 21. Bc5 a5 {Balint,V (2161)-Shubenkova,V  
(2002) chess.com INT 2023 1-0 (51)}) 7... a6 8. Bd3 $146 ({RR} 8. Bxd7+ Bxd7 9.
Qg4 Nc6 10. O-O h5 {1/2-1/2 (10) Bartsch,W-Seyffer,G (2050) Eppingen 2004}) ({
RR} 8. Bxd7+ Bxd7 9. O-O Nc6 10. Qg4 Qc7 11. Bf4 O-O-O 12. Rfe1 h6 13. a3 g5
14. Bg3 Be7 15. h4 h5 16. Qa4 gxh4 17. Nxh4 Bxh4 18. Qxh4 Rdg8 19. b4 Rh6 20.
b5 Rg4 21. Qh3 Nd4 22. Re3 Nf5 {McGregor,R (1788)-Carlson,G (1701) Houston
1999 1/2-1/2 (60)}) 8... Nc6 9. Qh4 Qc7 10. Qg3 Ndxe5 11. Bf4 Nxd3+ 12. cxd3
Qa5 13. O-O Qd8 14. Na4 b5 15. Bc7 Qf6 16. Nb6 Bb7 17. Nxa8 Bxa8 18. Ne5 Nd4
19. Qe3 Bc5 20. Rac1 Qe7 21. b4 Ba7 22. Bb6 Bxb6 23. Rc8+ Bd8 24. Qxd4 Bb7 25.
Nc6 Bxc6 26. Rxc6 O-O 27. Qc5 Qh4 28. Rxa6 Be7 29. g3 Bxc5 30. gxh4 Bxb4 31.
Rb1 Bc3 32. Rxb5 g6 33. Rb3 Rc8 34. Rba3 Kg7 35. Ra8 Rc5 36. Rb3 Bd4 37. a4 Rc2
38. Kg2 Rxf2+ 39. Kg3 Ra2 40. a5 f5 41. a6 Kf6 42. a7 Bxa7 43. d4 Ra1 44. Rb7
Bxd4 45. Rxa1 Bxa1 46. Rxh7 Be5+ 47. Kf3 Bxh2 48. h5 gxh5 49. Rxh5 Bd6 50. Ke3
e5 51. Rh6+ Ke7 52. Rh7+ Ke6 53. Rh6+ Kd7 54. Rh7+ Kc6 55. Rf7 f4+ 0-1

[Event "Floripa Chess Open 2024"]
[Site "Florianopolis"]
[Date "2024.01.22"]
[Round "3.110"]
[White "De Paula, Luan Araujo"]
[Black "Arnosti, Marcelo Gusmao"]
[Result "1-0"]
[WhiteElo "1863"]
[BlackElo "1525"]
[PlyCount "57"]
[EventDate "2024.01.20"]
[EventRounds "10"]
[EventCountry "BRA"]

1. e4 {Lukacs,P} c6 2. d4 d5 3. f3 e6 4. Nc3 dxe4 ({RR} 4... b6 5. Bf4 Nf6 ({RR
} 5... Bb4 6. a3 Bxc3+ 7. bxc3 Ba6 8. Bxa6 Nxa6 9. Qd3 Nb8 10. c4 Ne7 11. Ne2
O-O 12. O-O Ng6 13. Bg3) ({RR} 5... Bd6 6. Nh3 Bxf4 7. Nxf4 Nf6 8. Qd2 dxe4 9.
Nxe4 O-O 10. O-O-O Ba6 11. g4 Bxf1 12. Rhxf1 Nbd7 13. Nd3 Qc7 14. Nc3 Rfd8 15.
g5 Ne8 16. h4 Nf8 17. Qf2 Nd6) 6. Nge2 Ba6 7. Qd2 Bb4 8. Qe3 O-O ({RR} 8...
Nbd7 9. e5 Ng8 10. a3 Be7 11. g4 Bh4+ 12. Bg3 Bxg3+ 13. Nxg3 Bxf1 14. Rxf1 Qe7
15. O-O-O b5 16. Nb1 a5 17. f4 b4 18. f5) ({RR} 8... Bxc3+ 9. Nxc3 Bxf1 10.
Rxf1 O-O ({RR} 10... Qd7 11. O-O-O O-O 12. g4 Rc8 13. Bg5 Ne8 14. f4 dxe4 15.
f5) 11. O-O-O Ne8 12. Rfe1 ({RR} 12. e5 Qc7 13. Kb1 c5 14. Nb5 ({RR} 14. Ne2
Nc6 15. dxc5 Na5 16. cxb6 axb6 17. Nd4 Nc4 18. Qb3 Qb7) 14... Qc6 15. Nd6 Nd7)
({RR} 12. Bg5) 12... Nd6 13. Qd3 Nc4) 9. O-O-O Nbd7 ({RR} 9... Be7 10. g4 c5 ({
RR} 10... b5 11. Ng3 b4 12. Nce2 Bc4) 11. exd5 Nxd5 12. Nxd5) ({RR} 9... c5 10.
a3 ({RR} 10. dxc5 Bxc5 11. Qd2 Nc6 12. exd5 Nxd5 13. Nxd5 exd5 14. Qxd5 Qxd5
15. Rxd5 Nb4) 10... cxd4 ({RR} 10... Bxc3 11. Nxc3 ({RR} 11. Qxc3 Qe7) 11...
Bxf1 12. Rhxf1 Nc6) 11. Nxd4 Bxc3 12. Qxc3 Bxf1 13. Rhxf1 Qc8) ({RR} 9... Re8
10. h4 c5 11. Bg5 cxd4 12. Nxd4 Bxf1 13. Rhxf1 Bxc3 14. Qxc3) 10. h4 ({RR} 10.
h3 Rc8 11. a3 Be7 ({RR} 11... Bxc3 12. Nxc3 Bxf1 13. Rhxf1 b5 14. Bd6 Re8 15.
e5 Nb6 16. b3 Nfd7 17. f4) 12. g4 Ne8 13. g5 Nd6 14. Bxd6 Bxd6 15. h4 b5 16. e5
Be7) 10... c5 11. e5 ({RR} 11. h5 cxd4 12. Qxd4 Bc5 ({RR} 12... Bxc3 13. Nxc3
Bxf1 14. Rdxf1 dxe4 15. fxe4 Nc5 16. Qe3) ({RR} 12... Bxe2 13. Bxe2 Bxc3 14.
Qxc3) 13. Qa4 Bxe2 14. Bxe2 d4 15. Rxd4 ({RR} 15. e5 dxc3) 15... Bxd4 16. Qxd4)
11... Ne8 ({RR} 11... Nh5 12. Bg5 Qc7 13. g4) 12. a3 ({RR} 12. h5 Rc8 13. h6)
12... Bxc3 13. Nxc3 ({RR} 13. Qxc3 Rc8 14. Bg5 f6 15. exf6 Nexf6 16. Qe3) 13...
Bxf1 14. Rhxf1 cxd4 15. Rxd4 Nb8 ({RR} 15... Rc8 16. h5 h6 ({RR} 16... f6 17.
exf6 Qxf6 18. Re1) 17. g4) 16. Bg5 ({RR} 16. Rdd1 Nc6 17. h5 Rc8 ({RR} 17... h6
18. g4) 18. h6 g6 19. Rfe1) 16... Qc7 17. Rg4 Kh8 ({RR} 17... Nc6 18. Bf6 Kh8
19. Rxg7 Nxg7 20. h5 Ne7 21. Qg5 Nef5 22. h6 Rg8 23. g4) 18. Nb5 Qd7 19. Nd4 {
Ni,H (2583)-Dreev,A (2690) Taiyuan 2004 CBM 102 [Lukacs,P] 1-0 (64)}) ({RR} 
4... Bb4) 5. fxe4 Nf6 6. Nf3 Qa5 $146 ({RR} 6... Nbd7 7. Bd3 Bb4 8. a3 Bxc3+ 9.
bxc3 h6 10. O-O b5 11. a4 Qc7 12. Ba3 a6 13. e5 Nd5 14. Bd6 Qb6 15. Qe1 Bb7 16.
Kh1 c5 17. axb5 axb5 18. Rb1 b4 19. cxb4 cxd4 20. Qh4 Qd8 21. Qxd4 {Narmontas,
M (2415)-Sabaliauskas,M (1668) Plunge 2012 1-0}) ({RR} 6... Be7 7. Bd3 c5 8.
dxc5 Bxc5 9. Bg5 Be7 10. Qe2 Nc6 11. O-O-O Qc7 12. e5 Nd7 13. Bxe7 Nxe7 14. Nb5
Qa5 15. Nd6+ Kf8 16. Kb1 Nc5 17. Ng5 Nxd3 18. Rxd3 {1-0 (18) Vieira,J (1839)
-Caetano,H (1431) Florianopolis BRA 2024}) ({RR} 6... Be7 7. Bd3 Nbd7 8. e5 Nd5
9. O-O h6 10. Ne4 c5 11. c3 b6 12. a3 Bb7 13. Qe2 O-O 14. Ng3 Rc8 15. h3 Nc7
16. Bd2 Bxf3 17. Rxf3 Bg5 18. Bxg5 Qxg5 19. Ne4 Qe7 20. Raf1 Rce8 21. g4 {
Tolkanitsa,V (1908)-Mukhina,M (1861) Saratov 2008 1-0}) 7. Bd2 Bb4 8. Bd3 Nbd7
9. a3 Bxc3 10. Bxc3 Qc7 11. O-O h6 12. e5 Nd5 13. Bd2 b6 14. Qe2 Bb7 15. c4 Ne7
16. b4 c5 17. bxc5 bxc5 18. d5 exd5 19. e6 Nf6 20. exf7+ Kf8 21. Ne5 Ne4 22.
Bf4 Qd8 23. Bxe4 dxe4 24. Rad1 Qc8 25. Nd7+ Kxf7 26. Bd6+ Ke8 27. Bxe7 Kxe7 28.
Qh5 Qe8 29. Qe5+ 1-0

[Event "Floripa Chess Open 2024"]
[Site "Florianopolis"]
[Date "2024.01.22"]
[Round "3.111"]
[White "Hirano, Enzo Erich Kreutz"]
[Black "De Souza, Joao Francisco Biz"]
[Result "1-0"]
[WhiteElo "1861"]
[BlackElo "1523"]
[PlyCount "43"]
[EventDate "2024.01.20"]
[EventRounds "10"]
[EventCountry "BRA"]

1. e4 c5 2. Nf3 e6 3. d4 cxd4 4. Nxd4 Nc6 5. Nb5 d6 6. c4 a6 7. N5a3 Nf6 8. Nc3
Be7 9. Be2 Qc7 10. O-O O-O 11. Be3 Nd7 12. Rc1 b6 13. Nd5 Qd8 $146 ({RR} 13...
Qb8 14. Nxe7+ Nxe7 15. f3 Bb7 16. b4 Nc6 17. Qd2 a5 18. b5 Nb4 19. Rfd1 d5 20.
exd5 exd5 21. Nb1 Nxa2 22. Qxa2 Re8 23. Bf2 Qd8 24. cxd5 Nf6 25. Bc4 Rc8 26. d6
Rf8 27. Nc3 Nd7 28. Bd5 {Fongers,J-Leenhouts,V Arnhem 1996 1-0}) 14. Nxe7+ Qxe7
15. Qd2 Nc5 16. Rfd1 Nxe4 17. Qd3 f5 18. f3 Ne5 19. Qd4 Nc6 20. Qxb6 Bd7 21.
fxe4 Rfd8 22. Qc7 1-0

[Event "Floripa Chess Open 2024"]
[Site "Florianopolis"]
[Date "2024.01.22"]
[Round "3.112"]
[White "Paiva, Gaston"]
[Black "Fischer, Ivo Lucio"]
[Result "0-1"]
[WhiteElo "1472"]
[BlackElo "1860"]
[PlyCount "104"]
[EventDate "2024.01.20"]
[EventRounds "10"]
[EventCountry "BRA"]

1. d4 {Krasenkow,M} Nf6 2. c4 g6 3. Nc3 d5 4. cxd5 Nxd5 5. e4 Nxc3 6. bxc3 Bg7
7. Bc4 c5 8. Ne2 O-O 9. O-O Nc6 10. Be3 Na5 11. Bd3 b6 12. Rb1 Qc7 ({RR} 12...
cxd4 13. cxd4 Bb7 ({RR} 13... e6 14. Qd2 ({RR} 14. Qa4 Bb7 15. Rfd1 Qe7 16. a3
Rfc8 17. Bd2 Bc6 18. Qb4 Qd8 19. Rdc1 Bb7 20. Qb2 Nc6 21. Bc3 Ne5 22. Bc2 Nc4)
14... Bb7 15. h4 ({RR} 15. Rfc1 Rc8 ({RR} 15... Qe7 16. Bg5 f6 17. Be3 Rfc8 18.
h4 Qd7 19. h5 Rxc1+ 20. Rxc1 Rc8 21. hxg6 hxg6 22. Nf4) 16. f3 Qe7 17. Bg5 Qa3)
({RR} 15. Bh6 Rc8 ({RR} 15... Bxh6 16. Qxh6 Rc8 17. Rfd1 Nc6 18. e5 Qe7 19. Be4
Rfd8 20. Ng3 f5 21. exf6 Qxf6 22. h4 Rf8 23. Rd2 Ba6 24. h5) ({RR} 15... Qd6
16. Bxg7 ({RR} 16. h4 Bxh6 17. Qxh6 Nc6) 16... Kxg7 17. Rb5 ({RR} 17. Rfc1 Rac8
) 17... f5 18. e5 Qe7 19. Rfb1 Rfd8 20. Qe3 Rac8 21. Nf4 Nc4 22. Bxc4 Rxc4) 16.
Bxg7 Kxg7 17. Rfd1 ({RR} 17. f4 f5 18. d5 fxe4 19. Bxe4 Bxd5 20. Nd4 Bxa2)
17... Qe7 18. Qf4 Rfd8 19. e5 Bd5 20. Ra1 Nc4) 15... Rc8 ({RR} 15... e5 16. Bg5
f6 17. Bh6 exd4 18. Bxg7 Kxg7 19. h5 Qd6 20. Nf4 g5 21. Ne2 h6 22. f4 Rae8 23.
Ng3 Bc8 24. e5 fxe5 25. Ne4 Qe7 26. fxg5) 16. Rfc1 Qd7 17. Bh6 Rxc1+ 18. Rxc1
Bxh6 19. Qxh6 Rc8 20. Rxc8+ Qxc8 21. h5 Ba6 22. Bxa6 Qxa6 23. Qd2 Nc4 24. Qc2
Na3 25. Qd1 Qb5) 14. h4 ({RR} 14. Qa4 Rc8 15. Rfd1 e6 16. e5 ({RR} 16. Bd2 Nc6
17. Bc3 Qh4 18. Be1 Rfd8 19. f3 Qe7 20. Bb5 a6 21. Bxa6 Bxa6 22. Qxa6 Nxd4)
16... Bc6 ({RR} 16... Qh4) 17. Qb4 Re8 18. Ng3 Bd5 19. Ne4 Bf8 20. Qe1 Be7 21.
Qe2 Bc4 22. h4) ({RR} 14. d5 e6 15. Bd2 exd5 16. Bxa5 dxe4 17. Bc2 Qc7 ({RR} 
17... Qg5) 18. Bb4 Rfd8 19. Qc1 a5 20. Bd2 Rac8 21. Bg5 Rd5 22. Bxe4 Rc5 23.
Qxc5 Qxc5 24. Bxb7) ({RR} 14. Qd2 Rc8 15. Rfc1 Qd7 16. Bb5 Rxc1+ 17. Nxc1 Qd6
18. f3 Bc6 19. Bxc6 Nc4 20. Qb4 Qxc6 21. Bf2 e6) 14... Rc8 15. h5 Nc4 16. Bxc4
Rxc4 17. Qd3 Ra4 18. h6 Bh8 19. Qb3 Qd7 20. Nc3 Ra5 21. d5 Rc8 ({RR} 21... Ba6
22. Rfd1 Rc8 23. Bd4 Bxd4 24. Rxd4 Qd6) 22. Nb5 Rxb5 ({RR} 22... Ba6 23. a4)
23. Qxb5 Qxb5 24. Rxb5 Ba6 25. Rb4 Bxf1 26. Kxf1 Bc3 27. Ra4 {Wang,Y (2738)
-Shirov,A (2745) Sofia 2009 CBM 131 [Krasenkow,M] 1/2-1/2 (39)}) ({RR} 12... e5
13. dxc5 Be6 14. cxb6 axb6 15. Bxb6 Qd7 16. Bb5 Qxd1 17. Rfxd1 Bxa2 18. Rb4
Rfb8 19. Bc7 Rb7 20. Bc6 Rxb4 21. Bxa8 Rb5 22. f4) ({RR} 12... e5 13. d5 c4 14.
Bc2 f5 15. f4 fxe4 16. Bxe4 Qd6 17. Qd2 Bd7 18. Ng3 Rae8 19. f5 Nb7 20. fxg6
hxg6 21. Bh6 Rxf1+ 22. Rxf1 Rf8 23. Rd1 Rf7 24. Kh1 Nc5 25. Bxg7 Rxg7 26. Qh6
Nxe4 27. Nxe4 {Shen,F-Wang Boyuan (1751) Qiziwan CHN 2023 1-0 (42)}) 13. Qd2 e5
$146 ({RR} 13... e6 14. h4 h5 15. Bh6 Bb7 16. Bxg7 Kxg7 17. Qg5 Qd8 18. Qg3
cxd4 19. cxd4 Rc8 20. Rbd1 Nc4 21. e5 Nb2 22. Nf4 Nxd3 23. Nxh5+ Kh8 24. Qe3
gxh5 25. Qh6+ Kg8 26. Rxd3 Be4 27. Rg3+ Bg6 28. Rxg6+ {Sargsyan,S (2645)-Li
Chao2 (2672) chess.com INT 2022 1/2-1/2 (33)}) 14. d5 f5 15. Bh6 f4 16. Bxg7
Qxg7 17. f3 g5 18. g4 Rf6 19. h3 Bd7 20. Bb5 Bxb5 21. Rxb5 Nc4 22. Qd3 Ne3 23.
Rf2 Qd7 24. c4 h5 25. Nc3 hxg4 26. hxg4 Rh6 27. Rbb2 Qh7 28. Rh2 Rh3 29. Rbf2
Qh4 30. Qe2 Kg7 31. Rxh3 Qxh3 32. Rh2 Qg3+ 33. Kh1 Nxg4 34. Rg2 Qh3+ 35. Kg1
Rh8 36. fxg4 f3 37. Qd2 Qh1+ 38. Kf2 Qxg2+ 39. Ke3 Rh3 40. Qf2 Qxg4 41. d6 Qf4+
42. Kd3 Rh2 43. Nd5 Rxf2 44. Nxf4 Kf7 45. Nh3 Rxa2 46. Nxg5+ Ke8 47. Nxf3 Ra3+
48. Ke2 Rxf3 49. Kxf3 Kd7 50. Ke3 Kxd6 51. Kd3 a6 52. Kc3 b5 0-1

[Event "Floripa Chess Open 2024"]
[Site "Florianopolis"]
[Date "2024.01.22"]
[Round "3.113"]
[White "Azevedo, Edmundo"]
[Black "Da Costa, Carlos Henrique Luz"]
[Result "1-0"]
[WhiteElo "1860"]
[BlackElo "1520"]
[PlyCount "80"]
[EventDate "2024.01.20"]
[EventRounds "10"]
[EventCountry "BRA"]

1. d4 Nf6 2. Nf3 e6 3. Bg5 Be7 4. e3 b6 5. Bd3 Bb7 6. O-O O-O ({RR} 6... c5 7.
c4 h6 8. Bxf6 Bxf6 9. Nc3 O-O 10. Rc1 Na6 11. Be4 d5 12. cxd5 exd5 13. Bb1 Re8
14. Qd2 Qd7 15. dxc5 bxc5 16. Ne4 Bxb2 17. Rcd1 Bd4 18. Ng3 Bf6 19. Nh5 Qe7 20.
Nf4 Red8 21. h4 {Speelman,J (2570)-Kortschnoj,V (2600) Wijk aan Zee 1983 0-1  
(51)}) ({RR} 6... h6 7. Bh4 d6 8. Qe2 g5 9. Bg3 Ne4 10. Bxe4 Bxe4 11. Nc3 Bb7
12. e4 Nd7 13. d5 e5 14. Nd1 h5 15. h4 gxh4 16. Bh2 Nf6 17. Nxh4 Ng4 18. Nf5
Bc8 19. Nde3 Rg8 20. Kh1 Nxh2 21. Kxh2 {Ronka,E (2303)-Starozhilov,L (2323)
chess.com INT 2021 0-1 (47)}) 7. c4 d6 8. Nbd2 $146 ({RR} 8. Nc3 Nbd7 9. e4 c5
10. d5 Nxd5 11. exd5 Bxg5 12. Re1 e5 13. Nxg5 Qxg5 14. Ne4 Qe7 15. Qh5 f5 16.
Ng3 g6 17. Qd1 Rf7 18. f3 Qh4 19. Qe2 Re8 20. Rad1 Qg5 21. Qf2 Rfe7 22. Bc2 Qf4
{Ignatenko,V-Levenko,A Kiev 2004 1-0 (59)}) ({RR} 8. Qc2 Nbd7 9. e4 e5 10. Be3
Ng4 11. Bd2 exd4 12. Nxd4 Nc5 13. f3 Ne5 14. Be2 a5 15. Nc3 Re8 16. Rad1 Bf8
17. Nf5 Ng6 18. Be3 Ne6 19. Nd5 Bxd5 20. cxd5 Nef4 21. Bb5 Re5 22. Kh1 c5 {
Bunakov,V (1950)-Kogan,E (1802) Kaluga 2013 1-0}) 8... Nbd7 9. Qc2 h6 10. Bh4
c5 11. Ne4 Nxe4 12. Bxe7 Qxe7 13. Bxe4 Nf6 14. Bxb7 Qxb7 15. dxc5 dxc5 16. Rad1
Rfd8 17. h3 Qc7 18. Rxd8+ Rxd8 19. Rd1 Rd6 20. Rxd6 Qxd6 21. Qd2 Ne4 22. Qxd6
Nxd6 23. Nd2 Kf8 24. Kf1 Ke7 25. Ke2 f5 26. Kd3 e5 27. e4 f4 28. a3 g5 29. f3
Ne8 30. b4 Kd6 31. b5 Nf6 32. a4 Nh5 33. Nb3 Ng3 34. Nd2 h5 35. Kc2 Ne2 36. Kd3
Nd4 37. Nb1 Ne6 38. Nc3 Nd8 39. Ne2 h4 40. Nc3 Ne6 1-0

[Event "Floripa Chess Open 2024"]
[Site "Florianopolis"]
[Date "2024.01.22"]
[Round "3.114"]
[White "Milkievicz Da Rocha, Mateus"]
[Black "Felizes, Paulo"]
[Result "1/2-1/2"]
[WhiteElo "1468"]
[BlackElo "1855"]
[PlyCount "62"]
[EventDate "2024.01.20"]
[EventRounds "10"]
[EventCountry "BRA"]

1. e4 e5 2. Nf3 Nc6 3. Bb5 f5 4. d3 fxe4 5. dxe4 Nf6 6. Nc3 d6 7. h3 Be7 8. O-O
O-O 9. Bc4+ Kh8 10. Ng5 Qe8 11. Be6 ({RR} 11. f4 h6 12. Ne6 Bxe6 13. Bxe6 exf4
14. Bxf4 Nh5 15. Bh2 Rxf1+ 16. Qxf1 Bf6 17. Bd5 Bd4+ 18. Kh1 Nf6 19. Qc4 Bb6
20. a4 a5 21. Rf1 Ne5 22. Qe2 c6 23. Bb3 Qe7 24. Nb1 Rf8 25. Nd2 Nfd7 {
Alekseenko,K (2696)-Oparin,G (2652) chess.com INT 2020 1/2-1/2 (62)}) ({RR} 11.
Nb5 Bd8 12. f4 exf4 13. Bxf4 Ne5 14. Bxe5 dxe5 15. Nf7+ Rxf7 16. Bxf7 Qf8 17.
Bb3 a6 18. Nc3 c6 19. Qf3 b5 20. Ne2 Bb6+ 21. Kh2 Bd7 22. c3 Qe7 23. Ng3 Ng4+
24. Kh1 g6 25. Ne2 Qh4 {Hubner,J (1706)-Felizes,P (1916) Rio de Janeiro BRA
2022 1-0}) 11... Nd4 12. Bxc8 Rxc8 13. Ne2 $146 ({RR} 13. f4 h6 14. Nf3 Nxf3+
15. Rxf3 Qc6 16. Qe2 exf4 17. Rxf4 Rce8 18. Qf3 d5 19. Be3 Nxe4 20. Nxd5 Qxd5
21. Qxe4 Qb5 22. Qc4 Qxc4 23. Rxc4 Bd6 24. Re1 Bg3 25. Re2 Rxe3 26. Rxe3 Bf2+
27. Kh2 Bxe3 {Hokkanen,P (2300)-Tuononen,J (2002) Finland 2012 0-1}) 13...
Nxe2+ 14. Qxe2 Nh5 15. Ne6 Rf6 16. Qg4 Qg6 17. Ng5 Rcf8 18. Qd7 Bd8 19. g4 Nf4
20. Bxf4 exf4 21. Nf3 Qxe4 22. Kg2 Qe6 23. Qb5 c6 24. Qxb7 Rg6 25. Qxc6 d5 26.
Qxe6 Rxe6 27. Rfe1 Rc6 28. Re2 Bf6 29. Rb1 h6 30. c3 Rb8 31. Nd4 Rxc3 1/2-1/2

[Event "Floripa Chess Open 2024"]
[Site "Florianopolis"]
[Date "2024.01.22"]
[Round "3.115"]
[White "Toffoli, Vanessa"]
[Black "Santos, Abel Cardoso Dos"]
[Result "0-1"]
[WhiteElo "1466"]
[BlackElo "1854"]
[PlyCount "58"]
[EventDate "2024.01.20"]
[EventRounds "10"]
[EventCountry "BRA"]

1. e4 {Bangiev,A} e5 2. f4 exf4 3. Nf3 g5 4. h4 g4 5. Ne5 d6 6. Nxg4 Be7 7. Bc4
({RR} 7. d3 Bxh4+ 8. Nf2 Qg5 9. Qd2 ({RR} 9. Qf3 Bg3 10. Nc3 Nc6 ({RR} 10...
Bg4 11. Qxg3 fxg3 12. Bxg5 gxf2+ 13. Kxf2) 11. Ne2 Nb4 ({RR} 11... Bxf2+ 12.
Qxf2) ({RR} 11... Ne5 12. Qxg3 Qxg3 ({RR} 12... fxg3 13. Bxg5 gxf2+ 14. Kxf2)
13. Nxg3 fxg3 14. Nd1 ({RR} 14. Nh3 Nf6 15. Bf4 Rg8) 14... Nf6 15. Bf4 Rg8 16.
Nc3 Neg4 17. Ne2) 12. Kd1 Qc5 ({RR} 12... Nxc2 13. Kxc2 Qc5+ 14. Kd1 Bxf2 15.
Bxf4) 13. c3 ({RR} 13. Nxg3 Qxc2+ 14. Ke1 fxg3 15. Qxg3 Qc5 16. Qg7 Nc2+ 17.
Ke2 Nxa1 18. Qxh8 Qxc1 19. Qxg8+ Ke7 20. Rxh7 Qxb2+ 21. Kf3 Qf6+) 13... Qxf2
14. Qxf2 Bxf2 15. cxb4 Be3 16. Nxf4 Bxc1 17. Rxc1 c6 18. Nh5) 9... Bg3 10. Nc3
Nf6 11. Ne2 ({RR} 11. b3 Ng4 12. Ncd1 Nc6 13. Bb2 f6 14. Be2 Ne3) 11... Qe5 ({
RR} 11... Bxf2+ 12. Kxf2 Ng4+ 13. Kg1 ({RR} 13. Ke1 Ne3 14. Nxf4 Qg3+ 15. Qf2 (
{RR} 15. Ke2 Bg4#) 15... Nxc2+) 13... Ne3 14. Nxf4) ({RR} 11... Ng4 12. Nxg3
Nxf2 13. Qxf2 Qxg3 14. Bxf4) 12. Nxg3 ({RR} 12. Nxf4 Ng4 13. N4h3 d5 14. Be2 ({
RR} 14. Qg5 Qd4 15. Qd2 dxe4) ({RR} 14. Qc3 d4) 14... Nxf2 15. Nxf2 dxe4 16.
dxe4 Qxe4) 12... fxg3 13. Nh3 Nc6 14. Qc3 Rg8 ({RR} 14... Nd4 15. Bf4 Qc5 16.
Qxc5 dxc5 17. O-O-O) 15. Bf4 ({RR} 15. Be3 Qxc3+ 16. bxc3 d5) 15... Qxc3+ 16.
bxc3 Nh5 17. Be3 Bg4 18. Be2 Ne5 19. Kd2 Bxe2 20. Kxe2 Nf6 21. Raf1 Nfg4 {
Winants,L (2500)-Almasi,Z (2620) Wijk aan Zee 1995 CBM 045 [Bangiev,A] 0-1 (66)
RR} 22. Bg1 Ke7 23. Nf4 h6 24. Rh3) ({RR} 7. d4 Bxh4+ 8. Nf2 Qg5) ({RR} 7. Qf3
Bxh4+ 8. Nf2 Bg3 9. d3 Qf6 10. Nc3 Ne7 11. Ne2 Bxf2+ 12. Qxf2 Ng6 13. g3 f3 14.
Nf4 Nxf4 15. gxf4 Bg4 16. f5 Nc6 17. Rh6 Qe5 18. Qh4 Nd4 19. Kd1 Rg8 20. Be3
Nxf5 21. exf5 Qxe3 {Cipl,J (1532)-Stevik,P (2047) Ceske Budejovice CZE 2020
0-1 (31)}) 7... Bxh4+ 8. Nf2 Qg5 9. d3 $146 ({RR} 9. Be2 Nf6 10. d3 Nc6 11. Qd2
Nd4 12. Nc3 Qxg2 13. Rf1 f3 {0-1 (13) Schlitter,A-Remling,C Giessen 1993}) ({RR
} 9. Qf3 Nc6 10. O-O Ne5 11. Qb3 f3 12. Bxf7+ Ke7 13. g4 Qf4 14. Kh1 Qg3 15.
Rg1 Qxf2 16. d4 Nxg4 17. Bf4 Qh2+ 18. Bxh2 Nf2# {0-1 (18) Levin, E-Shipman,W 
(2350) Concord 1995}) 9... Nf6 10. Qf3 Bg3 11. Kf1 Nc6 12. c3 Ne5 13. Qe2 Nxc4
14. dxc4 Be6 15. Nd2 O-O-O 16. Nf3 Qc5 17. b3 Bxf2 18. Qxf2 Nxe4 19. Qxc5 Ng3+
20. Ke1 dxc5 21. Rh2 Rhe8 22. Bxf4 Bg4+ 23. Kf2 Ne4+ 24. Kg1 Nxc3 25. Kf1 Ne2
26. Rh4 h5 27. Bg5 Ng3+ 28. Kg1 Rd7 29. Kf2 Ne4+ 0-1